Normal view
MARC view
Entry Nombre de reunión
001 - NÚMERO DE CONTROL
- campo de control: 79226
003 - IDENTIFICADOR DEL NÚMERO DE CONTROL
- campo de control: DO-SdBNP
005 - FECHA Y HORA DE LA ÚLTIMA TRANSACCIÓN
- campo de control: 20210714154610.0
008 - DATOS DE LONGITUD FIJA
- campo de control de longitud fija: 210714|| aca||aabn | a|a d
040 ## - FUENTE DE LA CATALOGACIÓN
- Centro catalogador/agencia de origen: DO-SdBNP
- Centro/agencia transcriptor: DO-SdBNP
111 ## - ENCABEZAMIENTO--NOMBRE DE CONGRESO/REUNIÓN
- Nombre de congreso/reunión o jurisdicción como elemento de entrada: 1 er. Coloquio sobe la muerte, el morir y los muertos en Puerto Rico.
- Sede del congreso/Lugar de la reunión: San Juan, Puerto Rico)
- Fecha del congreso/reunión: 28 y 29 de octubre de 2016
- Número del congreso/reunión o número de parte o sección: (1er
670 ## - FUENTE DE DATOS ENCONTRADOS
- Cita de la fuente: Work cat.: (DO-SdBNP): 1 er. Coloquio sobe la muerte, el morir y los muertos en Puerto Rico. San Juan, Puerto Rico) 28 y 29 de octubre de 2016 (1er., Ante el espejo de la muerte /, 2017
